| 000 | 00000nam 2200000zi 4500 |
| 001 | 9.889240 |
| 003 | CaOODSP |
| 005 | 20230831124906 |
| 006 | m o d f |
| 007 | cr ||||||||||| |
| 008 | 200710t20202020onc|||| o f000 0 fre d |
| 020 | |a9780660355283 |
| 040 | |aCaOODSP|bfre|erda|cCaOODSP |
| 043 | |an-cn--- |
| 086 | 1 |aCi4-194/2020F-PDF |
| 245 | 00|aÉtude sur les jeunes d’Expérience internationale Canada (EIC) 2019-20 : |brapport final / |cpréparé pour Immigration, Réfugiés et Citoyenneté Canada. |
| 246 | 17|aÉtude sur les jeunes d’EIC 2019-20 |
| 264 | 1|a[Ottawa] : |bImmigration, Réfugiés et Citoyenneté Canada = Immigration, Refugees and Citizenship Canada, |c2020. |
| 264 | 4|c©2020 |
| 300 | |a1 ressource en ligne (vi, 44 pages) + |esommaire (vi pages) + annexe (35 pages) |
| 336 | |atexte|btxt|2rdacontent/fre |
| 337 | |ainformatique|bc|2rdamedia/fre |
| 338 | |aressource en ligne|bcr|2rdacarrier/fre |
| 500 | |aTitre de la couverture. |
| 500 | |aPublié aussi en anglais sous le titre : 2019-20 International Experience Canada (IEC) youth study : final report. |
| 500 | |a« Numéro d’inscription : ROP 052-19. » |
| 500 | |a« Numéro du contrat : B8815-200063/001/CY. » |
| 500 | |aNom du fournisseur : Environics Research. |
| 520 | |a« Elle cherche également à mesurer la connaissance et la notoriété du programme d’IEC parmi ses publics cibles et à mieux comprendre comment les individus ayant entrepris un travail, des études ou des activités bénévoles à l’étranger planifient, motivent et vivent leur expérience »--Résumé analytique, page i. |
| 650 | 6|aCanadiens|xTravail|zPays étrangers|xOpinion publique. |
| 650 | 6|aJeunes adultes|xTravail|zPays étrangers|xOpinion publique. |
| 650 | 6|aEmploi à l'étranger|xPolitique gouvernementale|zCanada|xOpinion publique. |
| 650 | 6|aOpinion publique|zCanada. |
| 650 | 6|aJeunes adultes|zCanada|xAttitudes. |
| 710 | 1 |aCanada. |bImmigration, réfugiés et citoyenneté Canada, |eorganisme de publication. |
| 710 | 2 |aEnvironics Research Group, |eorganisme de publication. |
| 775 | 08|t2019-20 International Experience Canada (IEC) youth study : |w(CaOODSP)9.889238 |
| 794 | |tÉtude sur les jeunes d'Expérience internationale Canada (EIC) 2021 : |w(CaOODSP)9.902398 |
| 795 | |tÉtude sur les jeunes d'Expérience internationale Canada (EIC) 2018-19 : |w(CaOODSP)9.875253 |
| 856 | 40|qPDF|s1.33 Mo|uhttps://publications.gc.ca/collections/collection_2020/ircc/Ci4-194-2020-fra.pdf|z(Rapport) |
| 856 | 40|qPDF|s513 Ko|uhttps://publications.gc.ca/collections/collection_2020/ircc/Ci4-194-2020-1-fra.pdf|z(Sommaire) |
| 856 | 40|qPDF|s962 Ko|uhttps://publications.gc.ca/collections/collection_2020/ircc/Ci4-194-2020-2.pdf|z(Annexe) |